000 00769nam a2200253Ia 4500
003 OSt
005 20220926002531.0
006 a|||||r|||| 00| 0
007 ta
008 220923b |||||||| |||| 00| 0 eng d
037 _cGeneral Book
040 _aRTL
_cRTL
_beng
041 _2eng
_aeng
082 _aV212.N6, K7;M4
100 _aNamboodiripad E M S
_9101453
245 0 _aKerala
_b society and politics An historical survey
250 _a2
260 _a New Delhi
_bNational Book Centre
_c1984
300 _a244p
_ccm.
500 _aPublished prevously as Kerala: Yesterday, today and tomorrow
650 _aHistory Tamil Nadu
_9235554
942 _hV212.N6, K7;M4
_cGB
_2CC
999 _c605352
_d605352